[Event "POL-chT 1 Liga 2019"]
[Site "Dzwirzyno"]
[Date "2019.09.15"]
[Round "9.16"]
[White "Nowak, Mikolaj"]
[Black "Sabuk, Piotr"]
[Result "1/2-1/2"]
[WhiteElo "2262"]
[BlackElo "2397"]
[Annotator "NA"]
[PlyCount "112"]
[EventDate "2019.09.07"]
[EventType "team-tourn"]
[EventCountry "POL"]
[SourceTitle "playchess.com"]
[Source "ChessBase"]
[SourceQuality "1"]
[TimeControl "40/5400+30:1800+30"]

1. c4 {[%emt 0:00:00]} e5 {[%emt 0:00:51]} 2. g3 {[%emt 0:00:00]} Nf6 {[%emt 0:00:14]} 3. Bg2 {[%emt 0:00:00]} d5 {[%emt 0:01:25]} 4. cxd5 {[%emt 0:00:00]} Nxd5 {[%emt 0:00:05]} 5. Nc3 {[%emt 0:00:16]} Nxc3 {[%emt 0:00:53]} 6. bxc3 {[%emt 0:00:27]} Nc6 {[%emt 0:00:05]} 7. Rb1 {[%emt 0:15:39]} Bc5 {[%emt 0:01:11]} 8. Qa4 {[%emt 0:15:02]} O-O {[%emt 0:18:55]} 9. Bxc6 {[%emt 0:05:43]} bxc6 {[%emt 0:00:46]} 10. Qxc6 {[%emt 0:00:14]} Bf5 {[%emt 0:01:53]} 11. d3 {[%emt 0:00:58]} Qe7 {[%emt 0:02:26]} 12. Bg5 {[%emt 0:07:25]} f6 {[%emt 0:14:03]} 13. Be3 {[%emt 0:00:27]} Bxe3 {[%emt 0:01:49]} 14. fxe3 {[%emt 0:00:04]} e4 {[%emt 0:04:32]} 15. Kf2 {[%emt 0:05:26]} Rfd8 {[%emt 0:12:14]} 16. Rb5 {[%emt 0:08:02]} Qe6 {[%emt 0:10:35]} 17. Qxe6+ {[%emt 0:01:57]} Bxe6 {[%emt 0:00:02]} 18. dxe4 {[%emt 0:02:20]} Rd1 {[%emt 0:01:53]} 19. Kg2 {[%emt 0:06:21]} Ra1 {[%emt 0:10:23]} 20. Ra5 {[%emt 0:01:22]} Rb8 {[%emt 0:02:00]} 21. Nf3 {[%emt 0:00:21]} Bh3+ {[%emt 0:01:23]} 22. Kxh3 {[%emt 0:00:11]} Rxh1 {[%emt 0:00:02]} 23. Rxa7 {[%emt 0:00:23]} Rb2 {[%emt 0:01:53]} 24. Kg2 {[%emt 0:11:20]} Rc1 {[%emt 0:00:26]} 25. Rxc7 {[%emt 0:04:44]} Rxe2+ {[%emt 0:00:33]} 26. Kh3 {[%emt 0:00:03]} h5 {[%emt 0:04:41]} 27. Nd4 {[%emt 0:01:02]} Rxa2 {[%emt 0:01:05]} 28. g4 {[%emt 0:03:40]} hxg4+ {[%emt 0:05:21]} 29. Kxg4 {[%emt 0:00:02]} Rxh2 {[%emt 0:00:34]} 30. e5 {[%emt 0:01:28]} Rg1+ {[%emt 0:00:58]} 31. Kf3 {[%emt 0:01:20]} fxe5 32. Nf5 {[%emt 0:00:40]} g6 {[%emt 0:01:00]} 33. Nd6 {[%emt 0:03:12]} Rh4 {[%emt 0:00:30]} 34. c4 {[%emt 0:01:18]} g5 {[%emt 0:01:31]} 35. c5 {[%emt 0:01:16]} g4+ {[%emt 0:00:13]} 36. Ke4 {[%emt 0:00:02]} g3+ {[%emt 0:00:22]} 37. Kxe5 {[%emt 0:00:10]} Rf1 {[%emt 0:00:58]} 38. Nf5 {[%emt 0:01:25]} Rh5 {[%emt 0:00:35]} 39. e4 {[%emt 0:00:33]} Rhxf5+ {[%emt 0:00:18]} 40. exf5 {[%emt 0:00:00]} g2 {[%emt 0:00:00]} 41. Rc8+ {[%emt 0:02:31]} Kf7 {[%emt 0:15:05]} 42. Rc7+ {[%emt 0:00:09]} Ke8 {[%emt 0:09:27]} 43. Rg7 {[%emt 0:01:06]} g1=Q {[%emt 0:00:05]} 44. Rxg1 {[%emt 0:00:03]} Rxg1 {[%emt 0:00:04]} 45. c6 {[%emt 0:01:13]} Rg7 {[%emt 0:06:04]} 46. f6 {[%emt 0:02:56]} Rh7 {[%emt 0:00:32]} 47. Kd6 {[%emt 0:02:48]} Ra7 {[%emt 0:00:44]} 48. Ke6 {[%emt 0:00:48]} Rc7 {[%emt 0:00:29]} 49. Kd6 {[%emt 0:02:56]} Kd8 {[%emt 0:00:10]} 50. Kd5 {[%emt 0:00:08]} Kc8 {[%emt 0:01:35]} 51. Kd6 {[%emt 0:00:10]} Ra7 {[%emt 0:00:52]} 52. Ke6 {[%emt 0:00:25]} Ra1 {[%emt 0:01:11]} 53. f7 {[%emt 0:00:34]} Rf1 {[%emt 0:00:33]} 54. Ke7 {[%emt 0:00:06]} Kc7 {[%emt 0:00:17]} 55. f8=Q {[%emt 0:00:07]} Rxf8 {[%emt 0:00:04]} 56. Kxf8 {[%emt 0:00:06]} Kxc6 1/2-1/2

[Event "POL-chT 1 Liga 2019"]
[Site "Dzwirzyno"]
[Date "2019.09.15"]
[Round "9.17"]
[White "Kucza, Karol"]
[Black "Tomaszewski, Kacper"]
[Result "1/2-1/2"]
[WhiteElo "2280"]
[BlackElo "2363"]
[Annotator "ChessBase"]
[PlyCount "44"]
[EventDate "2019.09.07"]
[EventType "team-tourn"]
[EventCountry "POL"]
[SourceTitle "playchess.com"]
[Source "ChessBase"]
[SourceQuality "1"]
[TimeControl "40/5400+30:1800+30"]

1. e4 {[%emt 0:00:00]} c5 {[%emt 0:00:00]} 2. Nf3 {[%emt 0:00:00]} e6 {[%emt 0:00:00]} 3. d4 {[%emt 0:00:00]} cxd4 {[%emt 0:00:00]} 4. Nxd4 {[%emt 0:00:00]} Nc6 {[%emt 0:00:00]} 5. Nc3 {[%emt 0:00:00]} Qc7 {[%emt 0:00:00]} 6. Be3 {[%emt 0:00:03]} Nf6 {[%emt 0:00:02]} 7. Qd2 {[%emt 0:00:20]} Nxd4 {[%emt 0:00:07]} 8. Bxd4 {[%emt 0:17:48]} e5 {[%emt 0:00:19]} 9. Be3 {[%emt 0:00:44]} Bb4 {[%emt 0:00:34]} 10. f3 {[%emt 0:00:19]} d6 {[%emt 0:00:11]} 11. Bb5+ {[%emt 0:17:49]} Bd7 {[%emt 0:01:00]} 12. Bxd7+ {[%emt 0:00:08]} Nxd7 {[%emt 0:00:16]} 13. a3 {[%emt 0:00:05]} Bxc3 {[%emt 0:00:18]} 14. Qxc3 {[%emt 0:00:05]} Qxc3+ {[%emt 0:00:06]} 15. bxc3 {[%emt 0:00:04]} Ke7 {[%emt 0:01:19]} 16. Kd2 {[%emt 0:00:30]} Rhc8 {[%emt 0:01:25]} 17. Rhb1 {[%emt 0:00:16]} Rc7 {[%emt 0:00:43]} 18. a4 {[%emt 0:00:57]} b6 {[%emt 0:08:29]} 19. a5 {[%emt 0:00:42]} Rb8 {[%emt 0:01:29]} 20. axb6 {[%emt 0:00:11]} axb6 {[%emt 0:00:08]} 21. Rb5 {[%emt 0:01:31]} Rcb7 {[%emt 0:02:02]} 22. Kd3 {[%emt 0:09:36]} Kd8 {[%emt 0:08:36]} 1/2-1/2

[Event "POL-chT 1 Liga 2019"]
[Site "Dzwirzyno"]
[Date "2019.09.15"]
[Round "9.18"]
[White "Cieslak, Wiktoria"]
[Black "Kantane, Anna"]
[Result "1/2-1/2"]
[WhiteElo "2063"]
[BlackElo "2273"]
[Annotator "NA"]
[PlyCount "121"]
[EventDate "2019.09.07"]
[EventType "team-tourn"]
[EventCountry "POL"]
[SourceTitle "playchess.com"]
[Source "ChessBase"]
[SourceQuality "1"]
[TimeControl "40/5400+30:1800+30"]

1. e4 {[%emt 0:00:00]} c5 {[%emt 0:03:45]} 2. Nf3 {[%emt 0:00:00]} e6 {[%emt 0:00:08]} 3. d4 {[%emt 0:00:00]} cxd4 {[%emt 0:00:06]} 4. Nxd4 {[%emt 0:00:00]} Nc6 {[%emt 0:00:09]} 5. Nc3 {[%emt 0:00:00]} Qc7 {[%emt 0:00:10]} 6. Qd3 {[%emt 0:00:04]} a6 {[%emt 0:03:12]} 7. Nxc6 {[%emt 0:00:24]} bxc6 {[%emt 0:00:55]} 8. Qg3 {[%emt 0:01:24]} Qb8 {[%emt 0:08:18]} 9. Qxb8 {[%emt 0:02:48]} Rxb8 {[%emt 0:01:22]} 10. b3 {[%emt 0:00:08]} Bb4 {[%emt 0:02:09]} 11. Bd2 $11 {[%emt 0:00:05]} d5 {[%emt 0:04:21]} 12. exd5 {[%emt 0:00:59]} cxd5 {[%emt 0:02:25]} 13. O-O-O {[%emt 0:01:23]} Bb7 {[%emt 0:04:50]} 14. Kb2 {[%emt 0:02:12]} Nf6 {[%emt 0:00:54]} 15. f3 {[%emt 0:01:42]} O-O {[%emt 0:03:16]} 16. a3 {[%emt 0:07:41]} Bd6 {[%emt 0:01:57]} 17. Bd3 {[%emt 0:10:04]} Rfc8 {[%emt 0:01:32]} 18. Rde1 {[%emt 0:05:18]} Nd7 {[%emt 0:02:57]} 19. f4 {[%emt 0:05:30]} Be7 {[%emt 0:11:36]} 20. Nd1 {[%emt 0:13:23]} Bf6+ {[%emt 0:02:25]} 21. Kb1 {[%emt 0:03:20]} Nc5 {[%emt 0:00:49]} 22. Nf2 {[%emt 0:00:25]} Ba8 {[%emt 0:05:35]} 23. Bb4 {[%emt 0:02:32]} a5 {[%emt 0:09:15]} 24. Bxc5 {[%emt 0:02:16]} Rxc5 {[%emt 0:00:02]} 25. Re2 {[%emt 0:01:11]} a4 {[%emt 0:12:43]} 26. b4 {[%emt 0:01:16]} Rc3 {[%emt 0:00:11]} 27. Ka2 {[%emt 0:00:06]} Rbc8 {[%emt 0:00:48]} 28. Nd1 {[%emt 0:04:05]} R3c7 {[%emt 0:12:22]} 29. Nb2 {[%emt 0:01:34]} Bc6 {[%emt 0:01:20]} 30. Rb1 {[%emt 0:05:18]} d4 {[%emt 0:01:13]} 31. Nd1 {[%emt 0:00:29]} Bd5+ {[%emt 0:00:04]} 32. Kb2 {[%emt 0:00:05]} h5 {[%emt 0:01:39]} 33. g3 {[%emt 0:01:27]} g5 {[%emt 0:02:07]} 34. Nf2 {[%emt 0:01:15]} Bf3 {[%emt 0:00:02]} 35. Rd2 {[%emt 0:03:50]} Kf8 {[%emt 0:01:03]} 36. Re1 {[%emt 0:01:49]} gxf4 {[%emt 0:00:42]} 37. gxf4 {[%emt 0:00:05]} e5 {[%emt 0:01:27]} 38. fxe5 {[%emt 0:02:21]} Bg5 {[%emt 0:00:06]} 39. Rde2 {[%emt 0:00:10]} Bxe2 {[%emt 0:00:36]} 40. Rxe2 {[%emt 0:00:00]} Bf4 {[%emt 0:00:00]} 41. e6 {[%emt 0:02:42]} Bxh2 {[%emt 0:11:50]} 42. exf7 {[%emt 0:01:35]} Rxf7 {[%emt 0:00:25]} 43. Bg6 {[%emt 0:00:42]} Re7 {[%emt 0:03:19]} 44. Rxe7 {[%emt 0:19:36]} Kxe7 {[%emt 0:00:07]} 45. Bxh5 {[%emt 0:00:02]} Be5 {[%emt 0:02:35]} 46. Nd3 {[%emt 0:00:18]} Kd6 {[%emt 0:00:20]} 47. Bf3 {[%emt 0:01:39]} Bg7 {[%emt 0:02:54]} 48. Bd1 {[%emt 0:05:21]} Bf6 {[%emt 0:01:58]} 49. Ka2 {[%emt 0:01:37]} Rc7 {[%emt 0:06:05]} 50. Nb2 {[%emt 0:00:55]} Ra7 {[%emt 0:00:19]} 51. Be2 {[%emt 0:00:39]} Kc6 {[%emt 0:00:33]} 52. Bd3 {[%emt 0:01:26]} Kb6 {[%emt 0:01:42]} 53. Nc4+ {[%emt 0:01:09]} Kc6 {[%emt 0:00:13]} 54. Be4+ {[%emt 0:00:33]} Kc7 {[%emt 0:01:58]} 55. b5 {[%emt 0:03:37]} Kb8 {[%emt 0:00:01]} 56. b6 {[%emt 0:00:18]} Re7 {[%emt 0:01:07]} 57. Bf3 {[%emt 0:03:02]} Re6 {[%emt 0:00:14]} 58. b7 {[%emt 0:00:42]} Bd8 {[%emt 0:00:21]} 59. Nb2 {[%emt 0:04:51]} Rf6 {[%emt 0:00:38]} 60. Be4 {[%emt 0:00:40]} Re6 {[%emt 0:00:27]} 61. Bd5 {[%emt 0:04:12]} 1/2-1/2

[Event "POL-chT 1 Liga 2019"]
[Site "Dzwirzyno"]
[Date "2019.09.15"]
[Round "9.20"]
[White "Cyborowski, Lukasz"]
[Black "Godzwon, Iwo"]
[Result "1/2-1/2"]
[WhiteElo "2509"]
[BlackElo "2265"]
[Annotator "TA"]
[PlyCount "59"]
[EventDate "2019.09.07"]
[EventType "team-tourn"]
[EventCountry "POL"]
[SourceTitle "playchess.com"]
[Source "ChessBase"]
[SourceQuality "1"]

{[%evp 28,59,52,49,51,48,61,27,27,0,0,0,0,0,0,0,0,0,0,0,0,0,0,-22,-7,-22,-14,-10,0,-23,0,0,0,-4]} 1. Nf3 c5 2. c4 g6 3. d4 cxd4 4. Nxd4 Bg7 5. e4 Nc6 6. Be3 Nf6 7. Nc3 O-O 8. Be2 d6 9. O-O Bd7 10. f3 Nxd4 11. Bxd4 a5 12. b3 Bc6 13. Qd2 Nd7 14. Be3 Nc5 15. Rac1 Be5 {B38: Sicilian: Maroczy Bind with 5...Bg7 and 7...0-0} (15... e6 16. Nb5 Be5 17. Bg5 Qb6 18. Qe3 Bxb5 19. cxb5 Rfc8 20. Kh1 a4 21. b4 Nd7 22. Qd2 Qd4 23. Qxd4 Bxd4 {0-1 (39) Lenderman,A (2637)-Shimanov,A (2610) chess.com INT 2019}) 16. Rfd1 e6 17. Bd4 Qe7 {White has an edge.} 18. Bxe5 $146 ({Predecessor:} 18. Qe3 Rad8 19. Rb1 Bxd4 20. Qxd4 e5 21. Qd2 Ne6 22. Bf1 Qc7 23. Qe3 Nd4 24. Ne2 Ne6 {½-½ (24) Meribanov,V (2385)-Tihonov,J (2402) Minsk 2017}) 18... dxe5 19. Qd6 Qxd6 20. Rxd6 Rfd8 21. Rcd1 Rxd6 22. Rxd6 Kf8 23. Kf2 Ke7 24. Rd2 f5 25. Ke3 h5 26. Bd1 h4 27. Bc2 b6 28. Rd1 Nd7 29. Bd3 Nf6 30. Be2 {Accuracy: White = 50%, Black = 60%.} 1/2-1/2

[Event "POL-chT 1 Liga 2019"]
[Site "Dzwirzyno"]
[Date "2019.09.15"]
[Round "9.21"]
[White "Wacior, Maciej"]
[Black "Protaziuk, Grzegorz"]
[Result "1/2-1/2"]
[WhiteElo "2116"]
[BlackElo "2334"]
[Annotator "NA"]
[PlyCount "177"]
[EventDate "2019.09.07"]
[EventType "team-tourn"]
[EventCountry "POL"]
[SourceTitle "playchess.com"]
[Source "ChessBase"]
[SourceQuality "1"]
[TimeControl "40/5400+30:1800+30"]

1. d4 {[%emt 0:00:00]} Nf6 {[%emt 0:00:00]} 2. Bf4 {[%emt 0:00:00]} c5 {[%emt 0:01:16]} 3. e3 {[%emt 0:00:00]} e6 {[%emt 0:10:25]} 4. c3 {[%emt 0:00:02]} b6 {[%emt 0:01:53]} 5. Nf3 {[%emt 0:01:35]} Bb7 {[%emt 0:00:32]} 6. Nbd2 {[%emt 0:00:47]} Be7 $11 {[%emt 0:00:32]} 7. Bd3 {[%emt 0:00:21]} cxd4 {[%emt 0:06:41]} 8. exd4 {[%emt 0:00:17]} d6 {[%emt 0:00:08]} 9. Qe2 {[%emt 0:05:24]} Nbd7 {[%emt 0:01:46]} 10. Ne4 {[%emt 0:15:11]} Nxe4 {[%emt 0:01:15]} 11. Bxe4 {[%emt 0:00:05]} Bxe4 {[%emt 0:00:29]} 12. Qxe4 {[%emt 0:00:01]} Rc8 {[%emt 0:01:50]} 13. h3 {[%emt 0:02:23]} Nf6 {[%emt 0:02:08]} 14. Qd3 {[%emt 0:00:16]} h6 {[%emt 0:01:23]} 15. O-O {[%emt 0:08:43]} O-O {[%emt 0:00:11]} 16. Qa6 {[%emt 0:02:14]} Rc7 {[%emt 0:02:43]} 17. Rfe1 {[%emt 0:03:24]} Qc8 {[%emt 0:00:42]} 18. Qd3 {[%emt 0:00:03]} Qb7 {[%emt 0:02:22]} 19. a4 {[%emt 0:02:36]} Rd8 {[%emt 0:01:42]} 20. Nd2 {[%emt 0:02:04]} Qd5 {[%emt 0:08:33]} 21. Qb5 {[%emt 0:07:27]} Rcd7 {[%emt 0:04:18]} 22. Qxd5 {[%emt 0:04:13]} Nxd5 {[%emt 0:02:01]} 23. Bg3 {[%emt 0:00:22]} Rc8 {[%emt 0:01:51]} 24. Re2 {[%emt 0:01:46]} Bg5 {[%emt 0:03:02]} 25. Ne4 {[%emt 0:01:08]} Bf4 {[%emt 0:02:21]} 26. Bxf4 {[%emt 0:02:31]} Nxf4 {[%emt 0:00:07]} 27. Re3 {[%emt 0:00:06]} Nd5 {[%emt 0:00:40]} 28. Rd3 {[%emt 0:02:08]} Kf8 {[%emt 0:01:19]} 29. g3 {[%emt 0:00:16]} Ne7 {[%emt 0:00:50]} 30. Nd2 {[%emt 0:01:10]} d5 {[%emt 0:02:24]} 31. Nb3 {[%emt 0:01:14]} Rb7 {[%emt 0:00:50]} 32. Rd2 {[%emt 0:00:47]} Nf5 {[%emt 0:01:28]} 33. a5 {[%emt 0:01:43]} bxa5 {[%emt 0:04:06]} 34. Nc5 {[%emt 0:00:05]} Rb5 {[%emt 0:00:07]} 35. b3 {[%emt 0:00:01]} Nd6 {[%emt 0:00:57]} 36. Rda2 {[%emt 0:00:08]} Nb7 {[%emt 0:00:58]} 37. c4 {[%emt 0:00:29]} dxc4 {[%emt 0:01:11]} 38. bxc4 {[%emt 0:00:02]} Rb4 {[%emt 0:00:09]} 39. Nxb7 {[%emt 0:00:30]} Rxb7 {[%emt 0:00:03]} 40. c5 {[%emt 0:00:00]} Rb4 {[%emt 0:00:00]} 41. Rxa5 {[%emt 0:02:19]} Rxd4 {[%emt 0:01:07]} 42. Rxa7 {[%emt 0:00:17]} Rxc5 {[%emt 0:01:00]} 43. Ra8+ {[%emt 0:00:04]} Ke7 {[%emt 0:00:04]} 44. R1a7+ {[%emt 0:00:01]} Rd7 {[%emt 0:00:08]} 45. Rxd7+ {[%emt 0:00:06]} Kxd7 {[%emt 0:00:03]} 46. h4 {[%emt 0:01:00]} Ke7 {[%emt 0:00:43]} 47. Kg2 {[%emt 0:00:08]} Rc6 {[%emt 0:01:15]} 48. Ra5 {[%emt 0:00:06]} Kf6 {[%emt 0:00:07]} 49. Kf3 {[%emt 0:00:18]} Kg6 {[%emt 0:00:26]} 50. Rb5 {[%emt 0:01:33]} f5 {[%emt 0:00:14]} 51. Ra5 {[%emt 0:00:05]} Kf6 {[%emt 0:00:10]} 52. Rb5 {[%emt 0:00:14]} Rc3+ {[%emt 0:00:54]} 53. Ke2 {[%emt 0:00:17]} Ra3 {[%emt 0:00:11]} 54. Rc5 {[%emt 0:00:09]} Ra2+ {[%emt 0:00:33]} 55. Kf3 {[%emt 0:00:30]} g5 {[%emt 0:00:30]} 56. hxg5+ {[%emt 0:00:30]} hxg5 {[%emt 0:00:30]} 57. g4 {[%emt 0:00:30]} f4 {[%emt 0:00:30]} 58. Rb5 {[%emt 0:00:30]} Rd2 {[%emt 0:00:30]} 59. Ra5 {[%emt 0:00:30]} Rd5 {[%emt 0:00:30]} 60. Ra1 {[%emt 0:00:30]} Rb5 {[%emt 0:00:30]} 61. Ke4 {[%emt 0:04:43]} Rb2 {[%emt 0:00:56]} 62. Kf3 {[%emt 0:00:07]} Rc2 {[%emt 0:01:24]} 63. Ra5 {[%emt 0:00:17]} Rc3+ {[%emt 0:00:46]} 64. Ke4 {[%emt 0:00:18]} Rc4+ {[%emt 0:00:11]} 65. Kf3 {[%emt 0:00:05]} e5 {[%emt 0:01:23]} 66. Ra6+ {[%emt 0:00:20]} Kf7 {[%emt 0:00:04]} 67. Ra5 {[%emt 0:01:56]} Ke6 {[%emt 0:01:56]} 68. Ra6+ {[%emt 0:00:48]} Kd5 {[%emt 0:00:10]} 69. Rg6 {[%emt 0:04:47]} Rc3+ {[%emt 0:01:42]} 70. Kg2 {[%emt 0:00:32]} Ke4 {[%emt 0:00:30]} 71. Ra6 {[%emt 0:05:37]} Kd3 {[%emt 0:06:48]} 72. Rg6 {[%emt 0:00:40]} e4 {[%emt 0:01:39]} 73. Rxg5 {[%emt 0:00:09]} Rc2 {[%emt 0:11:05]} 74. Rd5+ {[%emt 0:07:15]} Ke2 {[%emt 0:00:06]} 75. Re5 {[%emt 0:13:48]} e3 {[%emt 0:00:08]} 76. fxe3 {[%emt 0:00:04]} f3+ {[%emt 0:00:04]} 77. Kg3 {[%emt 0:00:32]} f2 {[%emt 0:00:23]} 78. Rf5 {[%emt 0:00:01]} f1=Q {[%emt 0:00:08]} 79. Rxf1 {[%emt 0:00:01]} Kxf1 {[%emt 0:00:04]} 80. g5 {[%emt 0:00:24]} Rg2+ {[%emt 0:03:26]} 81. Kf4 {[%emt 0:00:07]} Ke2 {[%emt 0:00:06]} 82. Kf5 {[%emt 0:03:21]} Kxe3 {[%emt 0:00:05]} 83. g6 {[%emt 0:00:01]} Kd4 {[%emt 0:01:45]} 84. Kf6 {[%emt 0:00:04]} Rf2+ {[%emt 0:02:14]} 85. Ke7 {[%emt 0:00:19]} Ke5 {[%emt 0:00:59]} 86. g7 {[%emt 0:00:16]} Rg2 {[%emt 0:00:06]} 87. Kf7 {[%emt 0:00:10]} Rf2+ {[%emt 0:00:05]} 88. Ke7 {[%emt 0:00:03]} Rg2 {[%emt 0:00:04]} 89. Kf7 {[%emt 0:00:02]} 1/2-1/2

[Event "POL-chT 1 Liga 2019"]
[Site "Dzwirzyno"]
[Date "2019.09.15"]
[Round "9.22"]
[White "Nurkiewicz, Maciej"]
[Black "Kowalski, Maciej"]
[Result "1-0"]
[WhiteElo "2334"]
[BlackElo "2095"]
[Annotator "ChessBase"]
[PlyCount "51"]
[EventDate "2019.09.07"]
[EventType "team-tourn"]
[EventCountry "POL"]
[SourceTitle "playchess.com"]
[Source "ChessBase"]
[SourceQuality "1"]
[TimeControl "40/5400+30:1800+30"]

1. e4 d5 {[%emt 0:00:00]} 2. exd5 {[%emt 0:00:00]} Nf6 {[%emt 0:00:00]} 3. d4 {[%emt 0:00:19]} Nxd5 {[%emt 0:00:00]} 4. Nf3 {[%emt 0:01:33]} g6 {[%emt 0:00:00]} 5. c4 {[%emt 0:00:14]} Nb6 {[%emt 0:00:00]} 6. c5 {[%emt 0:00:11]} Nd5 {[%emt 0:00:00]} 7. Bc4 {[%emt 0:00:19]} Bg7 {[%emt 0:00:00]} 8. Nc3 {[%emt 0:00:18]} c6 {[%emt 0:00:42]} 9. O-O {[%emt 0:02:41]} O-O {[%emt 0:00:04]} 10. Re1 {[%emt 0:01:27]} Be6 {[%emt 0:08:25]} 11. Qb3 {[%emt 0:06:07]} Nxc3 {[%emt 0:00:27]} 12. bxc3 {[%emt 0:05:34]} Bxc4 {[%emt 0:00:30]} 13. Qxc4 {[%emt 0:00:30]} b5 {[%emt 0:00:27]} 14. Qe2 {[%emt 0:03:04]} Bf6 {[%emt 0:13:18]} 15. a4 {[%emt 0:02:32]} Qa5 {[%emt 0:00:34]} 16. Bh6 {[%emt 0:06:02]} Re8 {[%emt 0:04:54]} 17. axb5 {[%emt 0:01:12]} Qxc3 {[%emt 0:00:08]} 18. Qe4 {[%emt 0:04:13]} a5 {[%emt 0:04:14]} 19. bxc6 {[%emt 0:05:39]} a4 {[%emt 0:01:08]} 20. Ne5 {[%emt 0:20:14]} Bg7 {[%emt 0:16:15]} 21. Bxg7 {[%emt 0:03:24]} Kxg7 {[%emt 0:00:02]} 22. Rec1 {[%emt 0:04:38]} Qb3 {[%emt 0:04:10]} 23. Rab1 {[%emt 0:01:25]} Qa2 {[%emt 0:01:04]} 24. Nc4 {[%emt 0:02:58]} a3 {[%emt 0:02:25]} 25. Nd6 {[%emt 0:00:07]} Rf8 {[%emt 0:00:22]} 26. c7 {[%emt 0:00:10]} 1-0

[Event "POL-chT 1 Liga 2019"]
[Site "Dzwirzyno"]
[Date "2019.09.15"]
[Round "9.23"]
[White "Rogala, Milosz"]
[Black "Bartel, Michal"]
[Result "0-1"]
[WhiteElo "1788"]
[BlackElo "2291"]
[Annotator "ChessBase"]
[PlyCount "48"]
[EventDate "2019.09.07"]
[EventType "team-tourn"]
[EventCountry "POL"]
[SourceTitle "playchess.com"]
[Source "ChessBase"]
[SourceQuality "1"]
[TimeControl "40/5400+30:1800+30"]

1. e4 {[%emt 0:00:00]} e5 {[%emt 0:00:00]} 2. Nf3 {[%emt 0:00:00]} Nc6 {[%emt 0:00:00]} 3. d4 {[%emt 0:00:18]} exd4 {[%emt 0:00:00]} 4. Bc4 {[%emt 0:00:13]} Nf6 {[%emt 0:00:07]} 5. e5 {[%emt 0:00:22]} Ng4 {[%emt 0:00:15]} 6. Bxf7+ {[%emt 0:02:11]} Kxf7 {[%emt 0:00:12]} 7. Ng5+ {[%emt 0:00:07]} Kg8 {[%emt 0:00:30]} 8. Qf3 {[%emt 0:00:22]} Bb4+ {[%emt 0:03:46]} 9. c3 {[%emt 0:32:03]} Ngxe5 {[%emt 0:09:03]} 10. Qd5+ {[%emt 0:04:25]} Kf8 {[%emt 0:00:04]} 11. f4 {[%emt 0:05:47]} Nd3+ {[%emt 0:08:30]} 12. Kd2 {[%emt 0:03:56]} Qf6 {[%emt 0:01:06]} 13. Kxd3 {[%emt 0:02:22]} d6 {[%emt 0:00:17]} 14. Ne4 {[%emt 0:05:23]} Bf5 {[%emt 0:01:03]} 15. g4 {[%emt 0:05:59]} Bxe4+ {[%emt 0:01:27]} 16. Qxe4 {[%emt 0:00:08]} Re8 {[%emt 0:00:21]} 17. Qg2 {[%emt 0:01:23]} dxc3 {[%emt 0:01:28]} 18. bxc3 {[%emt 0:00:17]} Bc5 {[%emt 0:04:54]} 19. Rf1 {[%emt 0:01:32]} Qg6+ {[%emt 0:01:39]} 20. f5 {[%emt 0:00:40]} Ne5+ {[%emt 0:00:17]} 21. Kc2 {[%emt 0:00:30]} Qxg4 {[%emt 0:00:07]} 22. Qg3 {[%emt 0:03:12]} Qa4+ {[%emt 0:01:37]} 23. Kd2 {[%emt 0:00:49]} Nc4+ {[%emt 0:00:18]} 24. Kd3 {[%emt 0:01:07]} Nb2+ {[%emt 0:00:41] Kd4} 0-1

[Event "POL-chT 1 Liga 2019"]
[Site "Dzwirzyno"]
[Date "2019.09.15"]
[Round "9.24"]
[White "Kulon, Klaudia"]
[Black "Sapis, Lucyna"]
[Result "1-0"]
[WhiteElo "2339"]
[BlackElo "2042"]
[Annotator "ChessBase"]
[PlyCount "71"]
[EventDate "2019.09.07"]
[EventType "team-tourn"]
[EventCountry "POL"]
[SourceTitle "playchess.com"]
[Source "ChessBase"]
[SourceQuality "1"]
[TimeControl "40/5400+30:1800+30"]

1. c4 {[%emt 0:00:00]} c5 {[%emt 0:00:00]} 2. g3 {[%emt 0:00:00]} g6 {[%emt 0:00:03]} 3. Bg2 {[%emt 0:00:00]} Bg7 {[%emt 0:00:08]} 4. Nc3 {[%emt 0:00:00]} Nc6 {[%emt 0:00:24]} 5. e3 {[%emt 0:00:00]} d6 {[%emt 0:01:40]} 6. Nge2 {[%emt 0:03:43]} e5 {[%emt 0:04:15]} 7. d3 {[%emt 0:00:12]} Nge7 {[%emt 0:00:17]} 8. O-O {[%emt 0:00:07]} O-O {[%emt 0:00:06]} 9. a3 {[%emt 0:00:12]} f5 {[%emt 0:00:59]} 10. Rb1 {[%emt 0:00:35]} a5 {[%emt 0:01:01]} 11. Bd2 {[%emt 0:02:19]} Be6 {[%emt 0:01:29]} 12. Nd5 {[%emt 0:00:05]} a4 {[%emt 0:02:21]} 13. Nec3 {[%emt 0:00:14]} Bxd5 {[%emt 0:02:50]} 14. cxd5 {[%emt 0:03:13]} Na5 {[%emt 0:00:41]} 15. Qxa4 {[%emt 0:00:27]} b6 {[%emt 0:02:13]} 16. Rfc1 {[%emt 0:02:09]} Nb7 {[%emt 0:01:53]} 17. Qb3 {[%emt 0:02:00]} Kh8 {[%emt 0:02:00]} 18. f4 {[%emt 0:01:06]} Rb8 {[%emt 0:09:17]} 19. Nb5 {[%emt 0:01:50]} Qd7 {[%emt 0:00:54]} 20. a4 {[%emt 0:00:36]} Nc8 {[%emt 0:06:42]} 21. Rf1 {[%emt 0:02:28]} Ra8 {[%emt 0:05:55]} 22. e4 {[%emt 0:01:51]} Na5 {[%emt 0:01:11]} 23. Qc2 {[%emt 0:00:41]} Na7 {[%emt 0:00:51]} 24. Na3 {[%emt 0:00:58]} Rab8 {[%emt 0:03:57]} 25. Bc3 {[%emt 0:04:24]} Rbe8 {[%emt 0:13:31]} 26. Rbe1 {[%emt 0:02:37]} Nb7 {[%emt 0:01:08]} 27. exf5 {[%emt 0:01:56]} gxf5 {[%emt 0:02:20]} 28. fxe5 {[%emt 0:00:08]} dxe5 {[%emt 0:00:28]} 29. Nc4 {[%emt 0:00:06]} Qc7 {[%emt 0:02:34]} 30. Bxe5 {[%emt 0:03:06]} Bxe5 {[%emt 0:01:21]} 31. Rxe5 {[%emt 0:00:05]} Rxe5 {[%emt 0:00:25]} 32. Qc3 {[%emt 0:00:04]} Rfe8 {[%emt 0:01:06]} 33. Re1 {[%emt 0:00:05]} Qg7 {[%emt 0:00:31]} 34. Nxe5 {[%emt 0:00:24]} Nd6 {[%emt 0:00:42]} 35. Nf7+ {[%emt 0:00:25]} Kg8 {[%emt 0:01:02]} 36. Nxd6 {[%emt 0:00:05]} 1-0